<?xml version="1.0" encoding="UTF-8"?>
<marc:record xmlns:marc="http://www.loc.gov/MARC21/slim">
   <marc:leader>00000nam a2200000 a 4500</marc:leader>
   <marc:datafield ind1="1" ind2=" " tag="100">
      <marc:subfield code="a">Petersen, Wolfgang</marc:subfield>
      <marc:subfield code="4">aut</marc:subfield>
      <marc:subfield code="e">Verfasser/-in</marc:subfield>
   </marc:datafield>
   <marc:datafield ind1="1" ind2=" " tag="100">
      <marc:subfield code="a">Ochsenknecht, Uwe</marc:subfield>
   </marc:datafield>
   <marc:datafield ind1="1" ind2=" " tag="100">
      <marc:subfield code="a">Grönemeyer, Herbert</marc:subfield>
   </marc:datafield>
   <marc:datafield ind1="0" ind2="0" tag="245">
      <marc:subfield code="a">Das Boot Director´s Cut</marc:subfield>
   </marc:datafield>
   <marc:datafield ind1="0" ind2="0" tag="245">
      <marc:subfield code="c">Wolfgang Petersen</marc:subfield>
   </marc:datafield>
   <marc:datafield ind1=" " ind2="1" tag="264">
      <marc:subfield code="a">München</marc:subfield>
      <marc:subfield code="b">Bavarian Video</marc:subfield>
      <marc:subfield code="c">2009</marc:subfield>
   </marc:datafield>
   <marc:datafield ind1="1" ind2=" " tag="520">
      <marc:subfield code="a">Fassung und brillanter Bild- und Tonqualität; Das Boot - die authentische und faszinierende Charakterstudie einer U-Boot-Mannschaft im II Weltkrieg; Von Starregisseur Wolfgang Petersen in aufwendiger Detailarbeit neu geschnitten; Endlich konnte Petersen sein Meisterwerk durch wichtige Szenen ergänzen; die in der ersten Kinofassung nicht berücksichtigt wurden"Jetz; wo wir ohne kommerziellen Druck arbeiten konnten; kamen wir sehr schnell zu meiner Traumfassung; in der sich die Höhepunkte der Action; mit den stilleren Charakterszenen im richtigen Rythmus ablösen" Der Film schildert eindringlich die Geschichte einer U-Boot-Besatzung; die nach vielen gefährlichen Abenteuern schließlich doch noch von den Kriegsgegnern zur Hölle geschickt werden; Der Untergang der tollkühnen Männer in ihrer schwimmenden Röhre wurde so realistisch in Szene gesetzt, daß der Zuschauer förmlich die Enge des Bootes und die Angst der Besatzung spürt</marc:subfield>
   </marc:datafield>
   <marc:datafield ind1=" " ind2=" " tag="500">
      <marc:subfield code="a">Deutsch, Englisch</marc:subfield>
   </marc:datafield>
   <marc:datafield ind1="0" ind2=" " tag="490">
      <marc:subfield code="v">0</marc:subfield>
   </marc:datafield>
   <marc:datafield ind1=" " ind2=" " tag="300">
      <marc:subfield code="a">ca. 208 Min.</marc:subfield>
   </marc:datafield>
</marc:record>
